Car parks to residential (Record no. 116067)

MARC details
000 -LEADER
fixed length control field 00971cad a22002055a 4500
001 - CONTROL NUMBER
control field L159637
008 - FIXED-LENGTH DATA ELEMENTS--GENERAL INFORMATION
fixed length control field 120720s2017 xxk 000 0 eng d
035 ## - SYSTEM CONTROL NUMBER
System control number (Sirsi) u159637
041 0# - LANGUAGE CODE
Language code of text/sound track or separate title eng
110 2# - MAIN ENTRY--CORPORATE NAME
Corporate name or jurisdiction name as entry element Jones Lang LaSalle
9 (RLIN) 3755
245 00 - TITLE STATEMENT
Title Car parks to residential
Remainder of title driving innovation
Medium [electronic resource]
260 ## - PUBLICATION, DISTRIBUTION, ETC.
Place of publication, distribution, etc. [S.l.]
Name of publisher, distributor, etc. JLL
Date of publication, distribution, etc. 2017
520 ## - SUMMARY, ETC.
Summary, etc. Explores an innovative solution to enable the creation of sites sufficient to build homes for one million people. JLL has identified just under 10,500 car parks in the UK?s towns and cities with the possibility to comfortably accommodate up to 400,000 homes.
590 ## - LOCAL NOTE (RLIN)
Local note NTK KA
650 ## - SUBJECT ADDED ENTRY--TOPICAL TERM
Topical term or geographic name entry element DEVELOPMENT OPPORTUNITIES
651 #4 - SUBJECT ADDED ENTRY--GEOGRAPHIC NAME
Geographic name United Kingdom
Chronological subdivision
690 ## - LOCAL SUBJECT ADDED ENTRY--TOPICAL TERM (OCLC, RLIN)
Topical term or geographic name as entry element Residential property
9 (RLIN) 6266
856 40 - ELECTRONIC LOCATION AND ACCESS
Uniform Resource Identifier <a href="https://residential.jll.co.uk/~/media/Residential/research/pdfs/Car%20Parks%20to%20Residential%20-%20Driving%20Innovation%20-%20email.ashx?la=en-GB">https://residential.jll.co.uk/~/media/Residential/research/pdfs/Car%20Parks%20to%20Residential%20-%20Driving%20Innovation%20-%20email.ashx?la=en-GB</a>
Public note View the report at www.jll.com
942 ## - ADDED ENTRY ELEMENTS (KOHA)
Suppress in OPAC 0
Holdings
Withdrawn status Lost status Source of classification or shelving scheme Damaged status Not for loan Home library Current library Shelving location Date acquired Total Checkouts Full call number Barcode Date last seen Copy number Price effective from Koha item type
    Dewey Decimal Classification     Virtual Virtual Online 01/12/2017   ONLINE PUBLICATION 159637-2001 06/08/2019 1 06/08/2019 Book